| 000 | 00980nam a22003017a 4500 | ||
|---|---|---|---|
| 001 | BR8300153 | ||
| 003 | BR-BrBNA | ||
| 005 | 20230928091556.0 | ||
| 007 | ta | ||
| 008 | 230509b bl.||||| |||| 00| 0 por d | ||
| 040 |
_aBR-BrBNA _bpor _cBiblioteca Nacional de Agricultura |
||
| 041 | _a(Por) | ||
| 072 |
_aF00; F30; F25 _b0336 _b/G514 |
||
| 090 | _ 0336 BR8300153 | ||
| 110 | 1 |
_aOrganizacao das Cooperativas do Estado do Parana, Cascavel (Brasil) _97725 |
|
| 245 | 1 | _aResultados de pesquisa com soja nos anos de 1979/80 e 1980/81 [linhagem, semeadura, rendimento, Parana, Brasil] | |
| 246 | 1 | _a[Soybean research findings in 1979/80 and 1980/81 [line, sowing, yield, Parana, Brazil]] | |
| 260 | 3 |
_aCascavel, PR (Brasil): _c1982. |
|
| 300 | _a109 p. | ||
| 650 | _aLINHAGEM | ||
| 650 | _aSOJA | ||
| 650 | _aCOMPORTAMENTO DE VARIEDADE | ||
| 650 | _aSEMENTE | ||
| 650 | _aPRATICA CULTURAL | ||
| 650 | _aPARANA | ||
| 909 |
_a202309 _bLucia _c55 _dLucia Elande |
||
| 942 | _cBK | ||
| 999 |
_c34489 _d34489 |
||